Дело по отношению господина генерал-адъютанта о назначении концерта в пользу Елисаветинской больницы в декабре месяце 1846 года

Доступно только в Электронных читальных залах Найти на картеНа карте
RUSMARC
00003773nmc2a22000003x 450
001b6a0865e-05c9-4d61-b54e-4bf655ad4f8d
00520181225200935.0
100##$a20170704l18461847k l0rusy0189 ca
1010#$arus
102##$aRU
2001#$aДело по отношению господина генерал-адъютанта о назначении концерта в пользу Елисаветинской больницы в декабре месяце 1846 года
$j30 октября 1846 г. - 7 марта 1847 г.
251##$cДело
300##$aПо Канцелярии директора за 1846 год
300##$aДело
801#0$aRU
$bРГИА
$c20170704
$gRCR
801#1$aRU
$bГлавНИВЦ
$c20170704
$2rusmarc
801#2$aRU
$bПБ им. Б.Н. Ельцина
$c20181225
$gRCR
$2rusmarc
850##$aРГИА
852##$aРГИА
$eФедеральное казенное учреждение "Российский государственный исторический архив" (РГИА)
$j10973
937##$hРГИА
$d12247373
$aASBIBLIO_SCAN
462#0$1001dd3991dc-24e1-42ec-8838-ca4255420416
$12001
$a1746-1850 гг.
$1251
$cОпись
$1852
$j1
461#0$10019264ebf8-de62-4f1a-9eb4-9f22098dbbd5
$12001
$aДирекция императорских театров МИДв
$1251
$cФонд
$1852
$j497
215##$a18 л.
$d36,5х26 см
371##$aДокумент не является опубликованным и широко распространяемым
105##$ay###
1222#$ad
035##$ab6a0865e-05c9-4d61-b54e-4bf655ad4f8d
856##$uhttp://readingroom.main.prlib.ru/item.aspx?id_node=n122366160&mode=full
Формат отображения